Quelle ville aux Pays-Bas ? - Statistiques

Statistiques générales
  • Ce quiz a été pris 67 fois
  • Le résultat moyen est 10 sur 20
Statistiques - réponses
Quelle ville néerlandaise... Lettre Ville % Correct
...abrite le plus grand port du continent européen ? R Rotterdam
100%
...est célébrée dans une chanson de Jacques Brel sortie en 1964 ? A Amsterdam
90%
...est le lieu de signature du traité fondateur de l'Union européenne ? M Maastricht
90%
...abrite le gouvernement et la Cour pénale internationale notamment ? L H La Haye
86%
...est indissociable de la fin de la guerre de Succession d'Espagne ? U Utrecht
83%
...a vu naître l'entreprise Philis et abrite toujours son club de football, le PSV ? E Eindhoven
81%
...donne encore aujourd'hui son nom à un quartier de New York ? H Haarlem
81%
...est célèbre pour ses bougies, ses pipes et son incontournable fromage ? G Gouda
78%
...est célèbre pour un fromage en boule enveloppé de cire rouge ? E Edam
75%
...fut touchée par une épidémie qui lui prit 10% de ses habitants en 1826 ? G Groningue
34%
...est connue sous le nom de 's-Hertogenbosch en néerlandais ? B-l-D Bois-le-Duc
25%
...est la plus ancienne et le point de départ du canal de la Meuse au Waal ? N Nimègue
24%
...a vu naître, peindre et mourir Johannes Vermeer ? D Delft
20%
...est la capitale du pays constitutif autonome d'Aruba ? O Oranjestad
19%
...a vu naître Rembrandt et les premières ébauches de la constitution du pays ? L Leyde
17%
...a vu Van Gogh réaliser ses premières œuvres, entre 1866 et 1868 ? T Tilbourg
17%
...fut libérée des Allemands en avril 1945 par un seul homme, Léo Major ? Z Zwolle
17%
...fut le théâtre de batailles et de compromis pendant la guerre de 80 ans ? B Bréda
12%
...donne son nom à une marque de Lactalis aux publicités décalées ? L Leerdam
8%
...est construite sur le polder Flevoland du Sud et située entre -2 et -5 m ? A Almere
7%
Aucun quiz correspondant
Distribution des résultats
% des personnes avec chaque résultat
Percentile par nombre de réponses
Votre historique - résultats
Vous n’avez pas pris ce quiz